| 000 | 00349nam a2200121 a 4500 | ||
|---|---|---|---|
| 001 | 000042338 | ||
| 005 | 20201002040105.0 | ||
| 008 | 131126s1977 000 spa d | ||
| 040 |
_aDO-SdBNP _bspa _cBNPHU |
||
| 245 | 0 | _aLuis saez. | |
| 260 |
_aMadrid : _bDirección General del Patrimonio Artistico y Cultural, _c1977. |
||
| 300 |
_a32 p : _bil ; _c26 cm. |
||
| 999 |
_c41827 _d41827 |
||